zpět

Detail výsledku týmu

Bowling Darts Rubín, Brno

Datum a čas kvízu

22 Celkem bodů Celkový počet nahraných bodů na tomto kvízu bez doplňovacích otázek.
4. Pořadí na kvízu Konečné umístění týmu na tomto kvízu.

Zaznamenané odpovědi

# Otázka Odpověď Body Výsledky
1. Do ulic Brna minulý týden v no... o kombajn 1
2. Prezident jednoho z afrických... Namibie 0
3. Bývalá pornostar se snaží získ... Mia Khalifa 0
4. Další řetězec v České republic... Kaufland 0
5. Na mítinku Diamantové ligy v M... Joshua Cheptegei 0
6. Nedávno jsme se zabývali různý... Belgie, Francie, Nizozemsko 1
7. Dne 24. července roku 1177 uza... Fridrich I. Barbarossa (Rudovous) 0
8. Dalším špičatým letopočtem v n... Albrecht Dürer 1
9. Dostáváme se do novověku, konk... Anna Stuartovna 0
10. Dne 30. dubna 1777 se narodil... Carl Friedrich Gauss 1